000 00875cam a2200289 4500500
005 20260405003044.0
041 _afre
042 _adc
100 1 0 _aLacroix, Alexandre
_eauthor
245 0 0 _aGunnar Olsson : “en Suède, Le virus nous a surtout donné l’occasion d’affirmer notre obéissance et notre nationalisme”
260 _c2020.
500 _a93
690 _aConfinement
690 _aGunnar Olsson
690 _aHistoire
690 _aLien
690 _aNationalisme
690 _aObéissance
690 _aRelations
690 _aSanté
690 _aSocial
690 _astratégie
690 _aSuède
690 _aTotalitarisme
786 0 _nPhilosophie magazine | 140 | 7 | 2020-07-01 | p. 19-20 | 1951-1787
856 4 1 _uhttps://shs.cairn.info/magazine-philosophie-magazine-2020-7-page-19?lang=fr&redirect-ssocas=7080
999 _c2063992
_d2063992